| 000 | 00770cab a2200217 4500 | ||
|---|---|---|---|
| 001 | ABS58573 | ||
| 008 | 090401t1998 xxu||||| |||| 00| 0 eng d | ||
| 035 | _a(Sirsi) u85642 | ||
| 041 | _aeng | ||
| 100 | _aAnstiss, T. | ||
| 245 | _aHealthy living centres: lottery on health | ||
| 260 | _c1998 | ||
| 350 | _a0 | ||
| 490 |
_ahealth club management _vApril 1998, 25-26(2) |
||
| 520 | _aReports on healthy living centres, which promote health and well being. Explains how lottery funding will be distributed, using existing services to develop programmes and make available resources for the deprived. | ||
| 650 | _aHEALTHY LIVING CENTRES | ||
| 650 | _aLOTTERY FUNDING | ||
| 690 | _aPROPERTY-PROPERTY FINANCE AND INVESTMENT | ||
| 942 | _n0 | ||
| 948 | _c16/04/1998 | ||
| 999 |
_c53861 _d53861 |
||